Countries on Strategic Straits - Statistics

General Stats
  • This quiz has been taken 27 times
  • The average score is 17 of 18
Answer Stats
Strait Name Country % Correct
Taiwan Strait China
100%
Strait of Hormuz Iran
100%
Strait of Gibraltar Morocco
100%
Korea Strait South Korea
100%
Strait of Gibraltar Spain
100%
Taiwan Strait Taiwan
100%
Strait of Gibraltar United Kingdom
100%
Korea Strait Japan
96%
Strait of Hormuz Oman
96%
Bosporos Turkey
96%
Dardanelles Turkey
96%
Strait of Hormuz United Arab Emirates
96%
Bab-el-Mandeb Djibouti
92%
Bab-el-Mandeb Yemen
92%
Bab-el-Mandeb Eritrea
88%
Strait of Malacca Indonesia
88%
Strait of Malacca Malaysia
88%
Strait of Malacca Singapore
88%
No matching quizzes found
Score Distribution
Percent of People with Each Score
Percentile by Number Answered
Your Score History
You have not taken this quiz